Obálka Náhled e-knihy:
PDF Epub
Pro půjčování e-knih musíte být přihlášeni.
Jak si půjčit online?

V pasti /

Simon má život, jaký si vždy přál. Stereotyp, vysoké postavení v úspěšné firmě a svoji spořádanou rodinu.Jered je živel, který nikdy nic neplánuje. Rád si vychutnává život plnými doušky a nepřemýšlí nad následky.Když se tito dva protiklady potkají, poznají, že jejich životy nebyly tak ideální, jak s...

Celý popis

Uloženo v:
Hlavní autor: Strong, Lydia (Autor)
Médium: E-kniha
Jazyk:Czech
Vydáno: Praha : E-knihy jedou, 2021
Tagy:
Žádné tagy
LEADER 01287nam a22002297i 4500
001 311356
007 ta
008 260601s2021 xr ||||| |||| 00| 0 cze d
020 |a 9990003270108 
044 |a xr 
100 1 |a  Strong, Lydia  |4 aut 
245 1 0 |a V pasti /  |c  Strong, Lydia 
264 1 |a Praha :  |b E-knihy jedou,  |c 2021 
300 |a 1 online zdroj (262 stran) 
336 |a text  |b txt  |2 rdacontent 
337 |a bez média  |b n  |2 rdamedia 
338 |a online zdroj  |b cr  |2 rdacarrier 
520 2 |a Simon má život, jaký si vždy přál. Stereotyp, vysoké postavení v úspěšné firmě a svoji spořádanou rodinu.Jered je živel, který nikdy nic neplánuje. Rád si vychutnává život plnými doušky a nepřemýšlí nad následky.Když se tito dva protiklady potkají, poznají, že jejich životy nebyly tak ideální, jak si oba dva mysleli. 
910 |a RBIT002 
998 |d 327010  |a https://core.palmknihy.cz/api/books/327010/cover?qufvaj  |b https://core.palmknihy.cz/api/books/327010/cover/400?qufvaj  |c https://core.palmknihy.cz/api/books/327010/cover/50?qufvaj  |e   |g 262  |i 9990003270108  |j https://core.palmknihy.cz/api/books/327010/preview.epub  |k https://core.palmknihy.cz/api/books/327010/preview.pdf  |l   |q 49  |r 1  |s https://www.palmknihy.cz/kniha/327010  |t ebook  |y 2021  |z 1 
999 |d 311354